Online
Catalog

Agricultura y civilización en Mesoamérica / (Record no. 24391)

MARC details
000 -CABECERA
campo de control de longitud fija 00906nam a2200289 a 4500
001 - NÚMERO DE CONTROL
campo de control 000024898
003 - IDENTIFICADOR DEL NÚMERO DE CONTROL
campo de control OSt
005 - FECHA Y HORA DE LA ÚLTIMA TRANSACCIÓN
campo de control 20250407133454.0
008 - DATOS DE LONGITUD FIJA--INFORMACIÓN GENERAL
campo de control de longitud fija 100712s1972 mx 000 | spa d
020 ## - NÚMERO INTERNACIONAL ESTÁNDAR DEL LIBRO
Número Internacional Estándar del Libro 9681309944
040 ## - FUENTE DE LA CATALOGACIÓN
Centro catalogador/agencia de origen DO-SdBNP
Lengua de catalogación spa
Centro/agencia transcriptor BNPHU
082 ## - NÚMERO DE LA CLASIFICACIÓN DECIMAL DEWEY
Número de clasificación 363.61
Número de documento/Ítem P156a
100 1# - ENTRADA PRINCIPAL--NOMBRE DE PERSONA
Nombre de persona Palerm, Ángel
9 (RLIN) 51118
245 10 - MENCIÓN DE TÍTULO
Título Agricultura y civilización en Mesoamérica /
Mención de responsabilidad, etc. Ángel Palerm y Eric Wolf.
260 ## - PUBLICACIÓN, DISTRIBUCIÓN, ETC.
Lugar de publicación, distribución, etc. México, D. F. :
Nombre del editor, distribuidor, etc. Secretaria Educación Pública,
Fecha de publicación, distribución, etc. 1972.
300 ## - DESCRIPCIÓN FÍSICA
Extensión 212 p. :
Otras características físicas il. ;
Dimensiones 21 cm.
490 1# - MENCIÓN DE SERIE
Mención de serie SepSetentas
Designación de volumen o secuencia 32
504 ## - NOTA DE BIBLIOGRAFÍA, ETC.
Nota de bibliografía, etc. Incluye referencia bibliográficas : p. 207-212
650 #0 - PUNTO DE ACCESO ADICIONAL DE MATERIA--TÉRMINO DE MATERIA
Término de materia o nombre geográfico como elemento de entrada Abastecimiento de agua
9 (RLIN) 11680
650 #4 - PUNTO DE ACCESO ADICIONAL DE MATERIA--TÉRMINO DE MATERIA
Término de materia o nombre geográfico como elemento de entrada Utilización del agua
9 (RLIN) 51119
650 #4 - PUNTO DE ACCESO ADICIONAL DE MATERIA--TÉRMINO DE MATERIA
Término de materia o nombre geográfico como elemento de entrada Conservación del agua
9 (RLIN) 46464
650 #4 - PUNTO DE ACCESO ADICIONAL DE MATERIA--TÉRMINO DE MATERIA
Término de materia o nombre geográfico como elemento de entrada Consumo de agua
9 (RLIN) 43639
700 1# - PUNTO DE ACCESO ADICIONAL--NOMBRE DE PERSONA
Nombre de persona Wolf, Eric
9 (RLIN) 51120
830 #0 - PUNTO DE ACCESO ADICIONAL DE SERIE-TÍTULO UNIFORME
Título uniforme SepSetentas, 32
9 (RLIN) 76710
942 ## - ELEMENTOS DE PUNTO DE ACCESO ADICIONAL (KOHA)
Fuente del sistema de clasificación o colocación Dewey Decimal Classification
Tipo de ítem Koha Libros y folletos
956 ## - LOCALIZACIÓN Y ACCESO ELECTRÓNICOS LOCAL (OCLC)
Nombre del host LOPEREZ
Holdings
Estado de retiro Estado de pérdida Fuente del sistema de clasificación o colocación No para préstamo Código de colección Localización permanente Ubicación/localización actual Ubicación en estantería Fecha de adquisición Número de inventario Total de préstamos Signatura topográfica completa Código de barras Fecha visto por última vez Precio válido a partir de Tipo de ítem Koha Restricciones de uso Número de copia
    Dewey Decimal Classification   Monografías: Libros y Folletos General General En catalogación 07.02.2011 LF1   363.61 P156a 24898-10 25.06.2020 25.06.2020 Préstamo en sala    
  Extraviado   Excluido de préstamo Monografías: Libros y Folletos General General Extraviado 11.04.2017 LF1   363.61 P156a 24898-20 25.06.2020 25.06.2020 No se presta   e. 2

Powered by Koha